000 01276nam a2200241Ia 4500
999 _c50782
_d50782
001 17734
003 GE_BSU
005 20250501112304.0
008 181216s2015||||ge |||||||||||||| ||geo||
020 _a9789941453854
040 _cGE_BSU
041 _ageo
080 _a631.5+634.8(075.8) წ-66
100 _aწიქორიძე, მ.
_924979
245 _aაგროტექნიკური ღონისძიებების ჩატარება ვაზისა და ხეხილოვანი კულტურებისათვის :
_b[დამხმარე სახელმძღვანელო] /
_cმ. წიქორიძე; რედაქტორი სოსო თავბერიძე.
264 _aქუთაისი :
_bაკაკი წერეთლის სახელმწ. უნ-ტის გამ-ბა,
_c2015.
300 _a316 გვ. ილ.21სმ.
300 _eბიბლ.გვ.309-311
653 _aვაზის აგროტექნიკა
653 _aხეხილოვანი კულტურების აგროტექნიკა
700 _aთავბერიძე, სოსო
_eრედაქტორი
_92126
942 _cBK
_2udc